Представление документа в формате MARC21

Поле Инд. ПП Название Значение
Тип записи a
Библиографический уровень m
001 Контрольный номер RU/LIBMSTU/317472227
005 Дата корректировки 20160120150004.7
008 Кодируемые данные 100128|||||||||ru |||||||||||000|||rus||
020 a ISBN 978-5-394-00303-5
c Цена, тираж 231-00
040 b Код языка каталог. rus
041 a Код языка текста rus
084 a Индекс другой классификации/Индекс ББК 60.80
090 a Полочн. индекс 60.8
x Авторский знак Л 25
100 1_ a Автор Ларионов И. К.
245 10 a Заглавие Стратегия социального управления
b Продолж. заглавия учебник для вузов
250 a Основные сведения об издании 3-е изд.
260 a Место издания Москва
b Издательство Дашков и К
c Дата издания 2009
300 a Объем 495 с.
b Иллюстрации/ тип воспроизводства ил.
650 a Основная рубрика Социальное управление-Учебные издания для высших учебных заведений
653 a Ключевые слова Власть
a Ключевые слова Корпоративное строительство
a Ключевые слова Собственность
a Ключевые слова Социальное управление
a Ключевые слова Стратегия управления
a Ключевые слова Управление
901 t Тип документа m
952 c Вид литературы учебник